000 00560nam a22001937a 4500
003 OSt
005 20151013150641.0
008 130622t xxu||||| |||| 00| 0 eng d
020 _a9780435994327
050 _aBD 161
_b.B326 2008
082 _aIB 121.21
_bSu1 2008
100 _aBastian, Sue.
245 _aTheory of knowledge /
_cSue Bastian, et. al.
260 _aLondon :
_bHeinemann International,
_cc2008.
300 _axiv, 324 p. :
_bcol. : ill. ;
_c27 cm.
700 _aBammi, Vivek., Howard, Craig., et al.
942 _2lcc
_cBK
999 _c2988
_d2988